How to fail in advertising

Bibliographic Details
Main Author: Tay, Allan
Format: Book
Published: Singapore : Heinemann Asia , 1993
Subjects:

MARC

LEADER 00000cam a2200000 7i4500
001 0000003742
002 000004032
005 20000330.0
020 |a 9971643332 
090 0 0 |a 659.1   |b TAY 
100 1 |a Tay, Allan 
245 1 0 |a How to fail in advertising   |c Allan Tay 
260 |a Singapore :   |b Heinemann Asia ,   |c 1993 
300 |a 141p. ;   |c 17cm. 
650 0 0 |a Advertising 
999 |a 037181   |b BUKU   |c PINJAMAN   |e PERPUSTAKAAN KOMUNITI PETALING JAYA